Enseñar y aprender tecnología : propuestas didácticas desde la teoría de sistemas :

Guardado en:
Autor Principal: Barón, Marcelo
Formato: Libro
Publicado: Buenos Aires : Novedades Educativas
Series:Tecnología
Materias:
Etiquetas: Agregar Etiqueta
Sin Etiquetas, Sea el primero en etiquetar este registro!
LEADER 00683nam a22002175a 4500
001 CEM.cems011753
005 20070716180118.0
008 130507b######################000#0#####d
003 CEMS
020 |a 9875381012 
082 0 4 |a 372.86 
100 1 |a Barón, Marcelo 
245 1 0 |a Enseñar y aprender tecnología :  |b propuestas didácticas desde la teoría de sistemas :  |c Marcelo Barón 
260 |a Buenos Aires :  |b Novedades Educativas 
300 |a 181 p. 
490 0 |a Tecnología 
653 |a Tecnología 
653 |a Tecnología-enseñanza 
653 |a Didáctica de la tecnología 
653 |a Teoría de sistemas 
859 |a CEMS  |b BIB. CEMS - 11 de abril  |h 372.86  |i B268  |p 22696.04  |t Ej.1